[Event "Titled Tue 17th Jun Late"]
[Site "chess.com INT"]
[Date "2025.06.17"]
[Round "4"]
[White "Baylav, Can"]
[Black "Danzer, George"]
[Result "1-0"]
[BlackTitle "CM"]
[WhiteElo "2056"]
[BlackElo "2172"]
[WhiteFideId "6361293"]
[BlackFideId "4659465"]
[EventDate "2025.06.17"]

1. Nf3 Nf6 2. c4 g6 3. b3 Bg7 4. Bb2 O-O 5. g3 c6 6. Bg2 d5 7. O-O a5 8. Nc3 d4
9. Nb1 c5 10. d3 Nc6 11. Nbd2 Bg4 12. h3 Bf5 13. Qc2 Qd7 14. Kh2 h5 15. a3 Rae8
16. Nh4 e5 17. Nxf5 Qxf5 18. Ne4 Nxe4 19. Bxe4 Qe6 20. Bc1 h4 21. Bg5 hxg3+ 22.
fxg3 f5 23. Bd5 1-0

[Event "Titled Tue 17th Jun Late"]
[Site "chess.com INT"]
[Date "2025.06.17"]
[Round "4"]
[White "Thake, Conrad"]
[Black "Schracke, Guido"]
[Result "1-0"]
[WhiteTitle "CM"]
[BlackTitle "CM"]
[WhiteElo "1873"]
[BlackElo "2138"]
[WhiteFideId "5602947"]
[BlackFideId "4637054"]
[EventDate "2025.06.17"]

1. e4 c5 2. Nf3 Nc6 3. d4 cxd4 4. Nxd4 e5 5. Nb5 a6 6. Nd6+ Bxd6 7. Qxd6 Qf6 8.
Qxf6 Nxf6 9. f3 d5 10. exd5 Nxd5 11. Bc4 Nb6 12. Bb3 Nd4 13. Be3 Nxb3 14. axb3
Nd5 15. Kf2 O-O 16. Nc3 Ne7 17. Rhd1 Bf5 18. Ne4 Bg6 19. Bc5 Rfe8 20. Rd7 Nd5
21. Rxd5 1-0

[Event "Titled Tue 17th Jun Late"]
[Site "chess.com INT"]
[Date "2025.06.17"]
[Round "4"]
[White "Parkhurst Casas, Andrea Ju"]
[Black "Ferraz, Michel Liah"]
[Result "0-1"]
[WhiteTitle "WCM"]
[WhiteElo "1722"]
[BlackElo "2007"]
[WhiteFideId "5117496"]
[BlackFideId "22743219"]
[EventDate "2025.06.17"]

1. d4 Nf6 2. e3 c5 3. f4 d5 4. Nf3 Bf5 5. Bd3 e6 6. O-O Nc6 7. c3 c4 8. Bc2 Bxc2
9. Qxc2 Ne4 10. Nbd2 f5 11. Ne5 Be7 12. Qd1 O-O 13. Rf3 Nxe5 14. dxe5 b5 15. Rh3
g6 16. Qe1 a5 17. Nxe4 dxe4 18. Qe2 Qd3 19. Kf1 Rfd8 20. Qxd3 Rxd3 21. Ke2 Rad8
22. a3 Rd1 23. Rg3 Bh4 24. Rh3 Re1# 0-1

[Event "Titled Tue 17th Jun Late"]
[Site "chess.com INT"]
[Date "2025.06.17"]
[Round "4"]
[White "Xiong, Jeffery"]
[Black "Cernov, Henrik"]
[Result "1-0"]
[WhiteTitle "GM"]
[BlackTitle "FM"]
[WhiteElo "2639"]
[BlackElo "2325"]
[WhiteFideId "2047640"]
[BlackFideId "16258312"]
[EventDate "2025.06.17"]

1. e4 c5 2. Nf3 e6 3. c3 d5 4. e5 d4 5. d3 Nc6 6. g3 h6 7. Bg2 Qc7 8. Qe2 g5 9.
O-O g4 10. Nh4 h5 11. Na3 a6 12. Nc4 b5 13. Nd6+ Bxd6 14. exd6 Qd7 15. cxd4 cxd4
16. Bf4 Bb7 17. Rac1 Rc8 18. Rc5 Nd8 19. Rc7 Rxc7 20. dxc7 Nc6 21. Nf5 Nge7 22.
Nd6+ Kf8 23. Nxb7 f6 24. Nc5 Qc8 25. Qxe6 Qxe6 26. Nxe6+ Kf7 27. Bxc6 Rc8 28.
Bd7 1-0

[Event "Titled Tue 17th Jun Late"]
[Site "chess.com INT"]
[Date "2025.06.17"]
[Round "4"]
[White "Ozates, Tuna"]
[Black "Nayak, Rajesh"]
[Result "0-1"]
[WhiteTitle "FM"]
[BlackTitle "FM"]
[WhiteElo "2217"]
[BlackElo "2262"]
[WhiteFideId "6354521"]
[BlackFideId "35017152"]
[EventDate "2025.06.17"]

1. e4 c5 2. Nc3 d6 3. f4 g6 4. Nf3 Bg7 5. Bc4 Nc6 6. O-O e6 7. d3 Nge7 8. Qe1 a6
9. a3 Rb8 10. Qh4 b5 11. Ba2 d5 12. f5 gxf5 13. Bh6 Bxh6 14. Qxh6 d4 15. Ng5
dxc3 16. Qg7 Qd4+ 17. Qxd4 Nxd4 18. bxc3 Ne2+ 19. Kh1 Nxc3 20. exf5 Nxa2 21.
Rxa2 Nxf5 0-1

[Event "Titled Tue 17th Jun Late"]
[Site "chess.com INT"]
[Date "2025.06.17"]
[Round "4"]
[White "Gu, Xiaobing"]
[Black "Zhou, Abigail"]
[Result "0-1"]
[WhiteTitle "WGM"]
[BlackTitle "WCM"]
[WhiteElo "2148"]
[BlackElo "1780"]
[WhiteFideId "8602611"]
[BlackFideId "39922081"]
[EventDate "2025.06.17"]

1. e4 e6 2. d4 d5 3. exd5 exd5 4. Nf3 Bd6 5. Bd3 Ne7 6. O-O Bg4 7. h3 Bh5 8. Re1
Nc6 9. c3 Qd7 10. Nbd2 O-O-O 11. Nf1 f6 12. Ng3 Bf7 13. b4 g5 14. a4 g4 15. hxg4
Qxg4 16. b5 Bxg3 17. bxc6 Bd6 18. cxb7+ Kb8 19. Rxe7 Bxe7 20. Bd2 Rhg8 21. Bf1
Bh5 22. Kh1 f5 23. Rb1 Bd6 24. Qb3 Qxf3 25. gxf3 Bxf3+ 26. Bg2 Rxg2 27. c4 Rh2+
28. Kg1 Rh1# 0-1

[Event "Titled Tue 17th Jun Late"]
[Site "chess.com INT"]
[Date "2025.06.17"]
[Round "4"]
[White "Norman, Kseniya"]
[Black "Halynyazov, Vepaly"]
[Result "1-0"]
[WhiteTitle "WFM"]
[WhiteElo "2069"]
[BlackElo "2189"]
[WhiteFideId "13518780"]
[BlackFideId "14004020"]
[EventDate "2025.06.17"]

1. Nf3 d5 2. e3 Nf6 3. c4 e6 4. b3 b6 5. Bb2 Bb7 6. Nc3 a6 7. Qc2 Bd6 8. h4 O-O
9. Ng5 h6 10. Nxd5 exd5 11. Bxf6 g6 12. Bxd8 Rxd8 13. h5 hxg5 14. hxg6 f6 15. g7
Kxg7 16. Rh7+ Kf8 17. Qg6 Rd7 18. Qxf6+ Ke8 19. Rh8+ 1-0

[Event "Titled Tue 17th Jun Late"]
[Site "chess.com INT"]
[Date "2025.06.17"]
[Round "4"]
[White "Guarin Fonseca, Nobel Alfredo"]
[Black "Pontes, Luiz Felizola Lima"]
[Result "1-0"]
[WhiteTitle "FM"]
[WhiteElo "2035"]
[BlackElo "2062"]
[WhiteFideId "4477731"]
[BlackFideId "44709919"]
[EventDate "2025.06.17"]

1. d4 d5 2. Nf3 Nf6 3. e3 c6 4. c4 e6 5. Nc3 Nbd7 6. Be2 dxc4 7. Bxc4 b5 8. Bd3
a6 9. O-O Bb7 10. a3 c5 11. dxc5 Nxc5 12. Bc2 Qxd1 13. Rxd1 Be7 14. b4 Nce4 15.
Nxe4 Bxe4 16. Bb3 O-O 17. Bb2 Rfd8 18. Nd4 Rac8 19. Rac1 Nd5 20. Nc6 Re8 21.
Bxd5 1-0

[Event "Titled Tue 17th Jun Late"]
[Site "chess.com INT"]
[Date "2025.06.17"]
[Round "4"]
[White "Klepek, Witold"]
[Black "Jing, Andrew"]
[Result "0-1"]
[WhiteTitle "CM"]
[BlackTitle "FM"]
[WhiteElo "2253"]
[BlackElo "2292"]
[WhiteFideId "1175068"]
[BlackFideId "30984076"]
[EventDate "2025.06.17"]

1. c4 Nf6 2. Nf3 g6 3. Nc3 Bg7 4. d4 O-O 5. e4 d6 6. Be2 e5 7. O-O Bg4 8. Be3
Bxf3 9. Bxf3 Nc6 10. Ne2 exd4 11. Nxd4 Ne5 12. Qc2 Nfg4 13. Bf4 Qf6 14. Bg3 h5
15. h4 b6 16. Bxg4 Nxg4 17. Rfd1 Rae8 18. Rd2 Bh6 19. Rdd1 Bf4 20. Ne2 Bxg3 21.
Nxg3 Qxh4 22. Re1 Qh2+ 23. Kf1 h4 24. Ne2 h3 25. Ng3 Qxg2+ 0-1

[Event "Titled Tue 17th Jun Late"]
[Site "chess.com INT"]
[Date "2025.06.17"]
[Round "4"]
[White "Sobek, Jaroslav"]
[Black "Ngo, Quang Thai"]
[Result "0-1"]
[WhiteTitle "FM"]
[BlackTitle "FM"]
[WhiteElo "2195"]
[BlackElo "2326"]
[WhiteFideId "301388"]
[BlackFideId "12403768"]
[EventDate "2025.06.17"]

1. d4 Nf6 2. c4 e6 3. Bf4 d5 4. e3 Bb4+ 5. Nd2 Ne4 6. Nf3 e5 7. Bxe5 Bg4 8. Qa4+
Nc6 9. cxd5 Qxd5 10. O-O-O Bxd2+ 11. Nxd2 Bxd1 12. Bc4 Bxa4 13. Bxd5 Nxd2 14.
Kxd2 Nxe5 0-1

[Event "Titled Tue 17th Jun Late"]
[Site "chess.com INT"]
[Date "2025.06.17"]
[Round "4"]
[White "Sarana, Alexey"]
[Black "Kosakowski, Jakub"]
[Result "1-0"]
[WhiteTitle "GM"]
[BlackTitle "GM"]
[WhiteElo "2686"]
[BlackElo "2548"]
[WhiteFideId "24133795"]
[BlackFideId "1185080"]
[EventDate "2025.06.17"]

1. d4 Nf6 2. c4 g6 3. Nc3 Bg7 4. e4 d6 5. Be2 O-O 6. Be3 e5 7. d5 Na6 8. h3 Nc5
9. Qc2 a5 10. Nf3 Nh5 11. Bxc5 dxc5 12. O-O-O f5 13. Nd2 Nf6 14. Bd3 f4 15. Kb1
Ne8 16. Be2 Nd6 17. Bg4 Bd7 18. Bxd7 Qxd7 19. Qa4 Qe7 20. Nf3 g5 21. Ne1 h5 22.
Nd3 b6 23. Rde1 Bf6 24. Nb5 g4 25. Nxd6 cxd6 26. hxg4 hxg4 27. Rh5 b5 28. cxb5
Qe8 29. Reh1 Ra7 30. Qd1 Qg6 31. f3 Rg7 32. a4 Kf7 33. Rh6 Qg5 34. R1h5 1-0

[Event "Titled Tue 17th Jun Late"]
[Site "chess.com INT"]
[Date "2025.06.17"]
[Round "4"]
[White "Deveci, Huseyin Said"]
[Black "Hindermann, Felix"]
[Result "1-0"]
[WhiteTitle "CM"]
[BlackTitle "FM"]
[WhiteElo "2212"]
[BlackElo "2289"]
[WhiteFideId "26322455"]
[BlackFideId "1305212"]
[EventDate "2025.06.17"]

1. Nf3 e6 2. c4 b6 3. g3 Bb7 4. Bg2 f5 5. O-O Nf6 6. Re1 g6 7. b3 Bg7 8. Bb2 O-O
9. d3 a5 10. a4 Na6 11. Nbd2 Nb4 12. Qb1 Qe7 13. Bc3 d6 14. Qb2 e5 15. Rad1 c5
16. Nh4 Bxg2 17. Kxg2 Rae8 18. Nhf3 Nc6 19. Nb1 d5 20. cxd5 Nxd5 21. Qc1 Nd4 22.
Bxd4 exd4 23. Qc4 Kh8 24. Qxd5 h6 25. Nbd2 g5 26. Nc4 Qc7 27. Qd6 Qc8 28. Nxb6
Qb7 29. Nc4 f4 30. g4 h5 31. h3 Qxb3 32. Qxc5 Qb7 33. Qxg5 hxg4 34. hxg4 Rf6 35.
Qb5 Qa8 36. g5 Rfe6 37. Qxa5 Kg8 38. Qxa8 Rxa8 39. a5 1-0

[Event "Titled Tue 17th Jun Late"]
[Site "chess.com INT"]
[Date "2025.06.17"]
[Round "4"]
[White "Beulen, Marcel"]
[Black "Zhukovskyi, Oleksandr"]
[Result "0-1"]
[WhiteTitle "FM"]
[BlackTitle "CM"]
[WhiteElo "2359"]
[BlackElo "2145"]
[WhiteFideId "1001450"]
[BlackFideId "14169371"]
[EventDate "2025.06.17"]

1. e4 Nf6 2. e5 Nd5 3. d4 d6 4. c4 Nb6 5. exd6 exd6 6. Nc3 Be7 7. Bd3 O-O 8.
Nge2 Bg4 9. O-O Bxe2 10. Bxe2 g6 11. Be3 d5 12. c5 Nc4 13. Bxc4 dxc4 14. d5 Na6
15. Qa4 Nxc5 16. Qxc4 Nd7 17. Rad1 Re8 18. Nb5 Bd6 19. Nxa7 Rxe3 20. fxe3 Rxa7
21. a3 Qe7 22. e4 Qe5 23. g3 Qxb2 24. e5 Nxe5 25. Qb5 Qxb5 0-1

[Event "Titled Tue 17th Jun Late"]
[Site "chess.com INT"]
[Date "2025.06.17"]
[Round "4"]
[White "Willim, Michael"]
[Black "Lisenkov, Svyatoslav"]
[Result "0-1"]
[WhiteTitle "CM"]
[BlackTitle "CM"]
[WhiteElo "2024"]
[BlackElo "2283"]
[WhiteFideId "4632435"]
[BlackFideId "34264183"]
[EventDate "2025.06.17"]

1. c4 Nf6 2. Nf3 g6 3. Nc3 Bg7 4. e4 O-O 5. d4 d6 6. Be2 e5 7. Be3 Na6 8. O-O
Qe8 9. Qc2 Ng4 10. Bg5 exd4 11. Nb5 f5 12. exf5 Bxf5 13. Bd3 Bxd3 14. Qxd3 Ne5
15. Nxe5 dxe5 16. Rfe1 Qf7 17. Bh4 Nc5 18. Qc2 e4 19. Rad1 d3 20. Qd2 Qxc4 21.
Nxc7 Rac8 22. Rc1 Qd4 23. Nb5 Qxb2 24. Qxb2 Bxb2 25. Rc4 Bf6 26. Bg3 d2 27. Rd1
Nd3 28. Rxe4 Rc1 0-1

[Event "Titled Tue 17th Jun Late"]
[Site "chess.com INT"]
[Date "2025.06.17"]
[Round "4"]
[White "Garcia, Jhoel"]
[Black "Shapiro, Daniel"]
[Result "1-0"]
[WhiteTitle "IM"]
[BlackTitle "FM"]
[WhiteElo "2293"]
[BlackElo "2284"]
[WhiteFideId "3801110"]
[BlackFideId "2001780"]
[EventDate "2025.06.17"]

1. e4 c5 2. Nf3 Nc6 3. Bb5 Nf6 4. e5 Nd5 5. O-O g6 6. c3 Bg7 7. d4 cxd4 8. cxd4
O-O 9. Nc3 Nc7 10. Ba4 d6 11. h3 dxe5 12. Bxc6 exd4 13. Nb5 bxc6 14. Nbxd4 c5
15. Nc6 Qd6 16. Qxd6 exd6 17. Bf4 Bxb2 18. Rab1 Be5 19. Nfxe5 dxe5 20. Bxe5 Ne6
21. Ne7# 1-0

[Event "Titled Tue 17th Jun Late"]
[Site "chess.com INT"]
[Date "2025.06.17"]
[Round "4"]
[White "Lazavik, Denis"]
[Black "Gkavardinas, Antonios"]
[Result "1-0"]
[WhiteTitle "GM"]
[BlackTitle "FM"]
[WhiteElo "2580"]
[BlackElo "2278"]
[WhiteFideId "13515110"]
[BlackFideId "25883097"]
[EventDate "2025.06.17"]

1. e4 c6 2. d4 d5 3. e5 Bf5 4. Nf3 e6 5. Be2 c5 6. c3 cxd4 7. cxd4 Nc6 8. O-O h6
9. Nc3 Nge7 10. Be3 Ng6 11. Bd3 Bxd3 12. Qxd3 Be7 13. g3 O-O 14. h4 Re8 15. Rfe1
a6 16. Kg2 Bb4 17. h5 Nge7 18. Nh4 Bxc3 19. bxc3 Na5 20. Bf4 Rc8 21. g4 Qc7 22.
Rac1 Qc4 23. Qg3 Kh8 24. g5 Nf5 25. Nxf5 exf5 26. e6 hxg5 27. Qxg5 Qc6 28. h6
Rg8 29. Rh1 g6 30. Qf6+ Kh7 31. Qxf7+ 1-0

[Event "Titled Tue 17th Jun Late"]
[Site "chess.com INT"]
[Date "2025.06.17"]
[Round "4"]
[White "Mecit, Emre"]
[Black "Melendez Manuel A."]
[Result "1-0"]
[BlackTitle "FM"]
[WhiteElo "2007"]
[BlackElo "2154"]
[WhiteFideId "6304214"]
[BlackFideId "6706800"]
[EventDate "2025.06.17"]

1. e4 e5 2. Nf3 Nc6 3. Bb5 a6 4. Ba4 Nf6 5. O-O b5 6. Bb3 Bc5 7. c3 d6 8. h3 h6
9. d4 Bb6 10. dxe5 Nxe5 11. Nxe5 dxe5 12. Qxd8+ Kxd8 13. Bxf7 Bb7 14. Nd2 Ke7
15. Bg6 Rhd8 16. a4 Rab8 17. axb5 axb5 18. Re1 Rd3 19. Nf3 Nd7 20. Bf5 Kf6 21.
Bxd7 Rxd7 22. Be3 Bxe4 23. Bxb6 Bxf3 24. Ba7 1-0

[Event "Titled Tue 17th Jun Late"]
[Site "chess.com INT"]
[Date "2025.06.17"]
[Round "4"]
[White "Svane, Rasmus"]
[Black "Dubnevych, Maksym"]
[Result "1-0"]
[WhiteTitle "GM"]
[BlackTitle "FM"]
[WhiteElo "2626"]
[BlackElo "2296"]
[WhiteFideId "4657101"]
[BlackFideId "14184001"]
[EventDate "2025.06.17"]

1. Nf3 d5 2. g3 c5 3. Bg2 Nc6 4. d4 Nf6 5. O-O e6 6. c4 dxc4 7. Qa4 Bd7 8. Qxc4
b5 9. Qc3 c4 10. a4 Bb4 11. Qc2 a6 12. Nc3 Bxc3 13. bxc3 O-O 14. e4 Rc8 15. e5
Nd5 16. Ng5 g6 17. axb5 axb5 18. Ne4 b4 19. Bg5 Qc7 20. Nf6+ Kg7 21. Nxd5 exd5
22. Bf6+ Kg8 23. Qc1 Nd8 24. Qh6 Ne6 25. f4 Qxe5 26. fxe5 1-0

[Event "Titled Tue 17th Jun Late"]
[Site "chess.com INT"]
[Date "2025.06.17"]
[Round "4"]
[White "Reprintsev, Alexander"]
[Black "Einarsson, Halldor Gretar"]
[Result "0-1"]
[WhiteTitle "IM"]
[BlackTitle "FM"]
[WhiteElo "2256"]
[BlackElo "2177"]
[WhiteFideId "14100541"]
[BlackFideId "2300150"]
[EventDate "2025.06.17"]

1. e4 d6 2. d4 Nf6 3. Nc3 e5 4. dxe5 dxe5 5. Qxd8+ Kxd8 6. f4 Bb4 7. Bd2 exf4 8.
O-O-O Nbd7 9. e5 Ng4 10. Nh3 Ne3 11. Bxe3 fxe3 12. Nd5 Bd2+ 13. Kb1 c6 14. Ng5
cxd5 15. Nxf7+ Ke7 16. Nxh8 Nxe5 17. Be2 Bf5 18. Rhf1 Be4 19. Bf3 Nxf3 20. gxf3
Bf5 21. Rg1 g6 22. Nxg6+ hxg6 23. Rg2 Rc8 24. Rdxd2 exd2 25. Rxd2 Ke6 26. Kc1
Rc4 27. Rf2 Ke5 28. c3 d4 29. Kd2 dxc3+ 30. bxc3 Ra4 31. Ke3 Ra3 32. f4+ Kd5 33.
Rd2+ Kc4 0-1

[Event "Titled Tue 17th Jun Late"]
[Site "chess.com INT"]
[Date "2025.06.17"]
[Round "4"]
[White "Caruana, Fabiano"]
[Black "Arakelyan, Manvel"]
[Result "1-0"]
[WhiteTitle "GM"]
[BlackTitle "FM"]
[WhiteElo "2777"]
[BlackElo "2326"]
[WhiteFideId "2020009"]
[BlackFideId "13317415"]
[EventDate "2025.06.17"]

1. e4 c5 2. Nc3 e6 3. Nf3 Nc6 4. Bb5 Nd4 5. Bd3 a6 6. O-O Nc6 7. Nd5 Nge7 8. Re1
Ng6 9. c3 Bd6 10. Ne3 Qc7 11. Bc2 Nce5 12. Nxe5 Bxe5 13. g3 c4 14. b3 b5 15.
bxc4 bxc4 16. Qe2 O-O 17. Nxc4 Bf6 18. Ba3 Rd8 19. Bd6 Qc6 20. Rab1 Bb7 21. Rb6
Qc8 22. e5 Bg5 23. h4 Bd5 24. Rb4 a5 25. Nb6 Qc6 26. Nxd5 Qxd5 27. Rd4 Qxa2 28.
Bb1 1-0

[Event "Titled Tue 17th Jun Late"]
[Site "chess.com INT"]
[Date "2025.06.17"]
[Round "4"]
[White "Dauer, Andre Leonardo"]
[Black "Shafer, Logan C"]
[Result "0-1"]
[WhiteTitle "CM"]
[BlackTitle "CM"]
[WhiteElo "2138"]
[BlackElo "2217"]
[WhiteFideId "2126915"]
[BlackFideId "30993342"]
[EventDate "2025.06.17"]

1. e4 e5 2. Nf3 Nc6 3. d4 exd4 4. Bc4 Bc5 5. c3 Nf6 6. e5 Ne4 7. cxd4 Bb4+ 8.
Bd2 d5 9. Bd3 Bxd2+ 10. Nbxd2 Bf5 11. Bb5 O-O 12. O-O Ne7 13. Re1 Ng6 14. Nf1
Nf4 15. Ng3 Nxg3 16. hxg3 Ne6 17. Bd3 Bxd3 18. Qxd3 c5 19. dxc5 Nxc5 20. Qe3 Ne6
21. Rad1 Qa5 22. a3 Rad8 23. Nd4 Nxd4 24. Rxd4 Rfe8 25. Red1 f6 26. f4 fxe5 27.
fxe5 Qc5 28. Kh2 Re6 29. g4 Rde8 30. Qf3 Rh6+ 31. Kg3 Qe7 32. Qxd5+ Kh8 33. g5
Qxg5+ 34. Rg4 Qe3+ 35. Qf3 Qxe5+ 36. Kf2 Rf6 0-1

[Event "Titled Tue 17th Jun Late"]
[Site "chess.com INT"]
[Date "2025.06.17"]
[Round "4"]
[White "Kiewra, Keaton"]
[Black "Menahem, Adi"]
[Result "0-1"]
[WhiteTitle "IM"]
[BlackTitle "CM"]
[WhiteElo "2277"]
[BlackElo "2272"]
[WhiteFideId "2019280"]
[BlackFideId "2847027"]
[EventDate "2025.06.17"]

1. d4 Nf6 2. Nf3 e6 3. Bg5 b6 4. Nbd2 d5 5. e3 Bb7 6. Bd3 Be7 7. O-O Nbd7 8. Ne5
Nxe5 9. dxe5 Ne4 10. Bxe7 Qxe7 11. f3 Nxd2 12. Qxd2 c5 13. c3 O-O 14. f4 f6 15.
exf6 Qxf6 16. Rf3 e5 17. fxe5 Qxe5 18. Raf1 g6 19. Qf2 Rxf3 20. Qxf3 Qe7 21. Ba6
Bxa6 22. Qxd5+ Kg7 23. Qxa8 Qxe3+ 24. Kh1 Bxf1 25. Qxa7+ Kh6 26. Qxb6 Qf2 27.
Qb7 Ba6 0-1

[Event "Titled Tue 17th Jun Late"]
[Site "chess.com INT"]
[Date "2025.06.17"]
[Round "4"]
[White "Harish, Neeraj"]
[Black "Mafra, Kaiser Luiz"]
[Result "1-0"]
[WhiteTitle "CM"]
[BlackTitle "CM"]
[WhiteElo "2192"]
[BlackElo "2076"]
[WhiteFideId "30958130"]
[BlackFideId "2106698"]
[EventDate "2025.06.17"]

1. c4 e5 2. g3 d5 3. cxd5 c6 4. Nf3 e4 5. Nd4 Qxd5 6. Nc2 e3 7. f3 exd2+ 8. Bxd2
Bc5 9. Nc3 Qe6 10. e4 Nf6 11. Bg2 O-O 12. Qe2 b6 13. O-O-O Ba6 14. Qe1 Nbd7 15.
f4 Rfd8 16. Be3 Bxe3+ 17. Qxe3 Nc5 18. Nd4 Ng4 19. Nxe6 Nxe3 20. Rxd8+ Rxd8 21.
Nxd8 Nxg2 22. Nxc6 f6 23. Rd1 Nd3+ 24. Kb1 Ne3 25. Rxd3 Bxd3+ 26. Kc1 Nf1 27.
Nxa7 Nxh2 28. Nc8 b5 29. Nd6 b4 30. Nd5 b3 31. axb3 Nf1 32. b4 Nxg3 33. e5 fxe5
34. fxe5 h5 35. e6 Nf5 36. Nxf5 Bxf5 37. Ne7+ 1-0

[Event "Titled Tue 17th Jun Late"]
[Site "chess.com INT"]
[Date "2025.06.17"]
[Round "4"]
[White "Chiu, Isaac"]
[Black "Li, Xueyi"]
[Result "1-0"]
[BlackTitle "WGM"]
[WhiteElo "2226"]
[BlackElo "2220"]
[WhiteFideId "30900654"]
[BlackFideId "8605912"]
[EventDate "2025.06.17"]

1. e4 c6 2. d4 d5 3. exd5 cxd5 4. Nf3 Nf6 5. Bf4 Nc6 6. c3 Bf5 7. Nbd2 e6 8. h3
Bd6 9. Bxd6 Qxd6 10. Be2 O-O 11. O-O Rfe8 12. Re1 Rac8 13. Nb3 Nd7 14. Bf1 a5
15. Nh4 Bg6 16. Nxg6 hxg6 17. a4 e5 18. dxe5 Ndxe5 19. Bb5 Qc7 20. Nd4 Re7 21.
Nb3 Ree8 22. Qxd5 Rcd8 23. Qe4 Nd7 24. Qxe8+ Rxe8 25. Rxe8+ Kh7 26. Rae1 Qb6 27.
Nd2 Nc5 28. Nc4 1-0

[Event "Titled Tue 17th Jun Late"]
[Site "chess.com INT"]
[Date "2025.06.17"]
[Round "4"]
[White "Rojas Alarcon, Julian Antonio"]
[Black "Maksimovic, Bojan"]
[Result "0-1"]
[WhiteTitle "FM"]
[BlackTitle "IM"]
[WhiteElo "2365"]
[BlackElo "2514"]
[WhiteFideId "5107407"]
[BlackFideId "14408120"]
[EventDate "2025.06.17"]

1. c4 Nf6 2. Nc3 g6 3. g3 Bg7 4. Bg2 O-O 5. e3 d6 6. Nge2 e5 7. d4 Nbd7 8. h3
Re8 9. b3 e4 10. g4 h5 11. g5 Nh7 12. h4 f5 13. gxf6 Ndxf6 14. Ng3 Bf5 15. Nxf5
gxf5 16. Bd2 Ng4 17. Qe2 c5 18. dxc5 dxc5 19. O-O-O Qf6 20. f3 exf3 21. Bxf3
Rad8 22. Bd5+ Kh8 23. Rh3 b5 24. Rf1 b4 25. Kc2 bxc3 26. Bc1 Qa6 27. a4 Rxd5 0-1

[Event "Titled Tue 17th Jun Late"]
[Site "chess.com INT"]
[Date "2025.06.17"]
[Round "4"]
[White "Tang, Benjamin"]
[Black "Onur, Cigdem"]
[Result "1-0"]
[WhiteTitle "FM"]
[BlackTitle "WCM"]
[WhiteElo "2132"]
[BlackElo "1956"]
[WhiteFideId "30964342"]
[BlackFideId "6346030"]
[EventDate "2025.06.17"]

1. a3 d5 2. Nf3 Nf6 3. c4 d4 4. e3 c5 5. exd4 cxd4 6. d3 Nc6 7. g3 e5 8. Bg2 a5
9. O-O Bd6 10. Re1 O-O 11. c5 Bc7 12. Nbd2 Bg4 13. h3 Bh5 14. g4 Bg6 15. Nc4 Re8
16. Nh4 Nd5 17. Nxg6 hxg6 18. Qf3 Nf4 19. Bxf4 exf4 20. Nd6 Bxd6 21. Rxe8+ Qxe8
22. cxd6 Qe5 23. Qd5 Qxd5 24. Bxd5 Rd8 25. Re1 Rf8 26. Bxc6 bxc6 27. d7 1-0

[Event "Titled Tue 17th Jun Late"]
[Site "chess.com INT"]
[Date "2025.06.17"]
[Round "4"]
[White "Terron Elena, Francisco M."]
[Black "Aalto, Patrik"]
[Result "1-0"]
[WhiteTitle "FM"]
[BlackTitle "FM"]
[WhiteElo "2148"]
[BlackElo "2316"]
[WhiteFideId "2210576"]
[BlackFideId "510726"]
[EventDate "2025.06.17"]

1. e4 c5 2. Nf3 e6 3. d4 cxd4 4. Nxd4 Nc6 5. Nc3 Qc7 6. g3 a6 7. Bg2 h5 8. h3
Nf6 9. O-O Be7 10. Be3 O-O 11. a4 d6 12. Nb3 Ne5 13. Nd2 h4 14. g4 d5 15. exd5
exd5 16. Nxd5 Nxd5 17. Bxd5 Rd8 18. Bb3 Bc5 19. Qe2 Re8 20. Bxc5 Qxc5 21. Ne4
Qc7 22. f4 Nc6 23. Rae1 Bd7 24. Qf2 Rad8 25. Ng5 Rf8 26. Qxh4 Qb6+ 27. Kh1 Bf5
28. gxf5 1-0

[Event "Titled Tue 17th Jun Late"]
[Site "chess.com INT"]
[Date "2025.06.17"]
[Round "4"]
[White "Sindarov, Islombek"]
[Black "Grover, Sahaj"]
[Result "1/2-1/2"]
[WhiteTitle "CM"]
[BlackTitle "GM"]
[WhiteElo "2129"]
[BlackElo "2465"]
[WhiteFideId "14205475"]
[BlackFideId "5021103"]
[EventDate "2025.06.17"]

1. Nf3 Nf6 2. g3 g6 3. Bg2 Bg7 4. O-O O-O 5. d3 c5 6. Nbd2 Nc6 7. e4 d6 8. c3
Rb8 9. a4 e5 10. Qc2 a6 11. Nc4 h6 12. a5 Be6 13. Qa4 Bxc4 14. dxc4 Nxe4 15.
Nxe5 Nxc3 16. Nxc6 Ne2+ 17. Kh1 bxc6 18. Qxc6 Nxc1 19. Raxc1 Bxb2 20. Rcd1 Qxa5
21. Rxd6 Bd4 22. Rxg6+ fxg6 23. Qxg6+ Bg7 24. Bd5+ Kh8 25. Be4 Kg8 26. Qh7+ Kf7
27. Qg6+ Kg8 28. Bd5+ Kh8 29. Be4 Kg8 1/2-1/2

[Event "Titled Tue 17th Jun Late"]
[Site "chess.com INT"]
[Date "2025.06.17"]
[Round "4"]
[White "Linares Orellana, Hector Jose"]
[Black "Fier, Alexandr"]
[Result "0-1"]
[WhiteTitle "FM"]
[BlackTitle "GM"]
[WhiteElo "2111"]
[BlackElo "2556"]
[WhiteFideId "7304307"]
[BlackFideId "2107139"]
[EventDate "2025.06.17"]

1. e4 c5 2. Nf3 a6 3. c3 d5 4. exd5 Nf6 5. d4 cxd4 6. cxd4 Nxd5 7. Nc3 Nc6 8.
Bc4 Be6 9. Bb3 Na5 10. Bxd5 Bxd5 11. O-O e6 12. Bf4 Nc6 13. Re1 Be7 14. Ne5 O-O
15. Rc1 Bf6 16. Bg3 Rc8 17. f4 Ne7 18. Bf2 Qd6 19. Qg4 Nf5 20. h3 g6 21. Qe2 Bg7
22. g4 Ne7 23. Ne4 Bxe4 24. Qxe4 Nd5 25. f5 exf5 26. gxf5 Rce8 27. Rc5 Rd8 28.
fxg6 fxg6 29. Bg3 Nf6 30. Qxb7 Qxd4+ 31. Bf2 Qf4 32. Rc7 Nd7 33. Qd5+ Kh8 34.
Rxd7 Qxf2+ 35. Kh1 Qxe1+ 36. Kg2 Qf2+ 37. Kh1 Qf1+ 38. Kh2 Rf2+ 39. Kg3 Qg1+ 40.
Kh4 Bf6# 0-1